[Event "Randburg Superhero"]
[Site "Randburg"]
[Date "2022.01.05"]
[Round "3"]
[White "February, Jesse Nikki"]
[Black "Hercules, Benjamin Vincent"]
[Result "0-1"]
[WhiteElo "1845"]
[BlackElo "2101"]
[PlyCount "68"]
[EventDate "2022.01.04"]
[EventType "tourn"]
[EventRounds "7"]
[EventCountry "RSA"]
[SourceTitle "EXT 2023"]
[Source "ChessBase"]
[SourceDate "2022.10.05"]
[SourceVersion "1"]
[SourceVersionDate "2022.10.05"]
[SourceQuality "1"]

1. e4 c5 2. Nf3 Nc6 3. d4 cxd4 4. Nxd4 e5 5. Ne2 Bc5 6. Nbc3 Qb6 7. Be3 Bxe3 8. fxe3 Nf6 9. Nd5 Nxd5 10. exd5 Ne7 11. e4 Qxb2 12. Rb1 Qxa2 13. Nc3 Qa5 14. Qd2 a6 15. Be2 d6 16. 0-0 b5 17. Ra1 Qb6+ 18. Kh1 Bd7 19. Qg5 Ng6 20. Qg3 b4 21. Na4 Bxa4 22. Rxa4 0-0 23. h4 Ne7 24. h5 h6 25. Rf6 Kh7 26. Qxe5 gxf6 27. Qxe7 Qd8 28. Qb7 f5 29. Qxb4 Qh4+ 30. Kg1 Rab8 31. Qd2 Rb1+ 32. Bf1 Re8 33. Rxa6 Rxe4 34. Rxd6 Rf4 0-1

[Event "Randburg Superhero"]
[Site "Randburg"]
[Date "2022.01.05"]
[Round "4"]
[White "Klaver, Cornelis"]
[Black "Hercules, Benjamin Vincent"]
[Result "1/2-1/2"]
[WhiteElo "2050"]
[BlackElo "2101"]
[PlyCount "48"]
[EventDate "2022.01.04"]
[EventType "tourn"]
[EventRounds "7"]
[EventCountry "RSA"]
[SourceTitle "EXT 2023"]
[Source "ChessBase"]
[SourceDate "2022.10.05"]
[SourceVersion "1"]
[SourceVersionDate "2022.10.05"]
[SourceQuality "1"]

1. c4 e6 2. Nc3 d5 3. cxd5 exd5 4. d4 c6 5. Bf4 Bf5 6. f3 Bg6 7. e4 dxe4 8. fxe4 Nf6 9. Bc4 b5 10. Bd3 b4 11. Nce2 Bxe4 12. Bxe4 Nxe4 13. Bxb8 Rxb8 14. Qc2 Nf6 15. Qxc6+ Qd7 16. Qxd7+ Nxd7 17. Nf3 Bd6 18. 0-0 0-0 19. Rac1 Rfe8 20. Rc6 Rb6 21. Rxb6 axb6 22. Re1 Kf8 23. Nc1 Rc8 24. Nd3 Ra8 1/2-1/2

[Event "Randburg Superhero"]
[Site "Randburg"]
[Date "2022.01.04"]
[Round "1"]
[White "Parodi, Alessandro"]
[Black "Hercules, Benjamin Vincent"]
[Result "1/2-1/2"]
[WhiteElo "1997"]
[BlackElo "2101"]
[PlyCount "181"]
[EventDate "2022.01.04"]
[EventType "tourn"]
[EventRounds "7"]
[EventCountry "RSA"]
[SourceTitle "EXT 2023"]
[Source "ChessBase"]
[SourceDate "2022.10.05"]
[SourceVersion "1"]
[SourceVersionDate "2022.10.05"]
[SourceQuality "1"]

1. Nf3 d5 2. c4 e6 3. g3 Nf6 4. Bg2 Be7 5. 0-0 0-0 6. Qc2 b6 7. cxd5 Nxd5 8. Nc3 Bb7 9. Rd1 Nd7 10. Nxd5 exd5 11. d4 Bd6 12. Bg5 Qe8 13. b4 c6 14. Rab1 b5 15. Ne1 Nb6 16. e4 f6 17. Bc1 Qe7 18. exd5 cxd5 19. Nd3 Rfe8 20. Bf4 Rac8 21. Qb3 Bxf4 22. Nxf4 Rc4 23. Nd3 Rxd4 24. Re1 Qf7 25. Rxe8+ Qxe8 26. Re1 Qf7 27. Nc5 Bc8 28. Bf1 Nc4 29. Qc3 Rg4 30. Bh3 Qh5 31. Qd3 Rxg3+ 32. Qxg3 Qxh3 33. Re7 Qxg3+ 34. hxg3 Kf8 35. Rxa7 Bf5 36. Kf1 d4 37. Ke2 Ne5 38. Nb3 d3+ 39. Kd2 h5 40. f4 Nc4+ 41. Kc3 g5 42. fxg5 fxg5 43. a4 bxa4 44. Rxa4 Nd6 45. Nd2 h4 46. gxh4 gxh4 47. Kd4 h3 48. Ke5 Ke7 49. Nf1 h2 50. Nxh2 d2 51. Ra1 Bc2 52. Ng4 d1Q 53. Rxd1 Bxd1 54. Ne3 Nf7+ 55. Kd4 Bb3 56. Nc4 Ng5 57. Na5 Ne6+ 58. Ke5 Ba4 59. Nb7 Bc6 60. Na5 Bg2 61. Nb3 Nd8 62. Nd4 Nf7+ 63. Kf4 Kd6 64. Ke3 Kd5 65. Kd3 Nd6 66. Nc2 Be4+ 67. Kc3 Nb5+ 68. Kb3 Bd3 69. Na3 Nd4+ 70. Kc3 Ke4 71. b5 Be2 72. Kb4 Kd5 73. Nb1 Kd6 74. Nc3 Bf3 75. Kc4 Ne6 76. Kb4 Nf8 77. Kc4 Bg2 78. Kd4 Bf1 79. Ne4+ Kc7 80. Kc5 Nd7+ 81. Kb4 Kb6 82. Nd6 Ne5 83. Nc8+ Kb7 84. Ne7 Kc7 85. Nf5 Kb6 86. Ne3 Nd3+ 87. Kc3 Be2 88. Kd2 Nf4 89. Nd5+ Nxd5 90. Kxe2 Kxb5 91. Ke1 1/2-1/2

[Event "RSA-chT Regions"]
[Site "Boksburg"]
[Date "2020.01.12"]
[Round "7.3"]
[White "Hercules, Benjamin Vincent"]
[Black "Mthetho, Jeffrey"]
[Result "1-0"]
[WhiteElo "2152"]
[BlackElo "1661"]
[PlyCount "69"]
[EventDate "2020.01.09"]
[EventType "team-swiss"]
[EventRounds "7"]
[EventCountry "RSA"]
[SourceTitle "CBM 194 Extra"]
[Source "ChessBase"]
[SourceDate "2020.03.31"]
[SourceVersion "1"]
[SourceVersionDate "2020.03.31"]
[SourceQuality "1"]
[WhiteTeam "GTP Open"]
[BlackTeam "Ehlanzeni"]
[WhiteTeamCountry "RSA"]
[BlackTeamCountry "RSA"]

1. d4 Nf6 2. c4 g6 3. Nc3 Bg7 4. e4 0-0 5. Nge2 d6 6. Ng3 Nc6 7. d5 Nb8 8. Be2 c6 9. 0-0 Nbd7 10. Be3 Ne5 11. h3 h5 12. f4 Ned7 13. Bf3 Qa5 14. a3 Nh7 15. b4 Qc7 16. Rc1 a5 17. c5 axb4 18. cxd6 Qxd6 19. axb4 Qxb4 20. e5 Ra3 21. Qd2 c5 22. Nge4 b6 23. Rb1 Qa5 24. Rb5 Qa7 25. Rfb1 Ba6 26. R5b2 Nxe5 27. fxe5 Bxe5 28. Rxb6 f5 29. Bxc5 Qd7 30. Rxg6+ Kh8 31. Bxa3 fxe4 32. Nxe4 Bc4 33. Bb2 Qf5 34. Bxe5+ Qxe5 35. Qb2 1-0

[Event "RSA-ch"]
[Site "Cape Town"]
[Date "2019.12.17"]
[Round "11"]
[White "Klaasen, Calvin Jong"]
[Black "Hercules, Benjamin Vincent"]
[Result "1/2-1/2"]
[WhiteElo "2247"]
[BlackElo "2209"]
[PlyCount "58"]
[EventDate "2019.12.07"]
[EventType "tourn"]
[EventRounds "11"]
[EventCountry "RSA"]
[SourceTitle "CBM 193 Extra"]
[Source "ChessBase"]
[SourceDate "2020.01.31"]
[SourceVersion "1"]
[SourceVersionDate "2020.01.31"]
[SourceQuality "1"]

1. d4 d5 2. Nf3 Nf6 3. c4 e6 4. g3 Be7 5. Bg2 0-0 6. Nc3 dxc4 7. Ne5 Nc6 8. Bxc6 bxc6 9. Nxc6 Qe8 10. Nxe7+ Qxe7 11. Qa4 c5 12. dxc5 Qxc5 13. Be3 Qh5 14. f3 Rb8 15. 0-0-0 Nd5 16. Bd4 Nxc3 17. Bxc3 Qg5+ 18. Rd2 Bb7 19. Qxa7 Qb5 20. Qd4 f6 21. Qd7 Qa6 22. a3 Bd5 23. Rxd5 exd5 24. Qxd5+ Kh8 25. Rd1 h6 26. h4 Qb6 27. Qd4 Qc7 28. Qd6 Qa7 29. Qd4 Qa4 1/2-1/2

[Event "RSA-ch"]
[Site "Cape Town"]
[Date "2019.12.14"]
[Round "8"]
[White "Hercules, Benjamin Vincent"]
[Black "Pon, Matt"]
[Result "0-1"]
[WhiteElo "2209"]
[BlackElo "2189"]
[PlyCount "78"]
[EventDate "2019.12.07"]
[EventType "tourn"]
[EventRounds "11"]
[EventCountry "RSA"]
[SourceTitle "CBM 193 Extra"]
[Source "ChessBase"]
[SourceDate "2020.01.31"]
[SourceVersion "1"]
[SourceVersionDate "2020.01.31"]
[SourceQuality "1"]

1. d4 Nf6 2. c4 c5 3. d5 e5 4. Nc3 d6 5. e4 Be7 6. g3 Nbd7 7. Bg2 a6 8. Nge2 h5 9. h4 Nf8 10. 0-0 b5 11. cxb5 axb5 12. Nxb5 Ba6 13. Nbc3 N6d7 14. Be3 g5 15. hxg5 Bxg5 16. f4 Bh6 17. Qd2 h4 18. f5 hxg3 19. Rf3 Bxe3+ 20. Qxe3 Nf6 21. Rxg3 N8d7 22. Bf3 Ke7 23. Kg2 Qa5 24. Rh1 Rxh1 25. Kxh1 Qb4 26. b3 c4 27. Nc1 cxb3 28. axb3 Rc8 29. Bd1 Qd4 30. N1a2 Rh8+ 31. Kg2 Rh4 32. Qxd4 exd4 33. Be2 Bxe2 34. Nxe2 Rxe4 35. Nac1 Ne5 36. Kf2 Nxd5 37. Rg5 d3 38. f6+ Kd7 39. Nxd3 Nxd3+ 0-1

[Event "RSA-ch"]
[Site "Cape Town"]
[Date "2019.12.09"]
[Round "3"]
[White "Hercules, Benjamin Vincent"]
[Black "Gluckman, Paul"]
[Result "0-1"]
[WhiteElo "2209"]
[BlackElo "1943"]
[PlyCount "118"]
[EventDate "2019.12.07"]
[EventType "tourn"]
[EventRounds "11"]
[EventCountry "RSA"]
[SourceTitle "CBM 193 Extra"]
[Source "ChessBase"]
[SourceDate "2020.01.31"]
[SourceVersion "1"]
[SourceVersionDate "2020.01.31"]
[SourceQuality "1"]

1. c4 Nf6 2. Nc3 d5 3. cxd5 Nxd5 4. g3 Nb6 5. Bg2 g6 6. h4 h5 7. d3 Bg7 8. Be3 Nc6 9. Nh3 Nd4 10. Rc1 c6 11. 0-0 a5 12. Ne4 Nd5 13. Bd2 Bg4 14. f3 Bc8 15. Nc3 Nf5 16. Nxd5 cxd5 17. Kh2 Bxb2 18. Rb1 Bg7 19. e4 Nd4 20. Nf4 e6 21. exd5 exd5 22. Re1+ Kf8 23. Qa4 b5 24. Qa3+ Kg8 25. Qe7 Qxe7 26. Rxe7 Bf5 27. Rc1 Ne6 28. Bh3 Bf6 29. Rb7 Nxf4 30. Bxf5 gxf5 31. gxf4 b4 32. Rcc7 Rh7 33. Rc1 Re8 34. Re1 Rc8 35. Re2 Rg7 36. Be1 Rc1 37. Bf2 Bc3 38. Rb5 a4 39. Rb8+ Kh7 40. Rb5 Rg6 41. Bc5 Rb1 42. Rb7 Rg7 43. Rc2 d4 44. Re2 a3 45. Rbe7 Rb2 46. Bd6 Rxe2+ 47. Rxe2 Rg6 48. Be5 Bb2 49. Rc2 Bc3 50. Re2 Kg8 51. Bb8 Re6 52. Rg2+ Kf8 53. Be5 f6 54. Rg6 Kf7 55. Rh6 fxe5 56. Rh7+ Kg6 57. Ra7 e4 58. fxe4 fxe4 59. Ra5 Re8 0-1

[Event "Reunion op 21st"]
[Site "St Denis"]
[Date "2019.10.20"]
[Round "2"]
[White "Hercules, Benjamin Vincent"]
[Black "Evrin, Selvam"]
[Result "1-0"]
[WhiteElo "2182"]
[BlackElo "1788"]
[PlyCount "80"]
[EventDate "2019.10.20"]
[EventType "swiss"]
[EventRounds "9"]
[EventCountry "RUF"]
[SourceTitle "CBM 192 Extra"]
[Source "Chessbase"]
[SourceDate "2019.11.06"]
[SourceVersion "1"]
[SourceVersionDate "2019.11.06"]
[SourceQuality "1"]

1. d4 d5 2. c4 c6 3. Nc3 Nf6 4. e3 e6 5. Nf3 Nbd7 6. Qc2 Bd6 7. g4 h6 8. Bd2 a6 9. Rg1 dxc4 10. Bxc4 b5 11. Be2 Qc7 12. h4 c5 13. g5 cxd4 14. Nxd4 hxg5 15. hxg5 Bh2 16. Nxe6 fxe6 17. Qg6+ Kf8 18. gxf6 Nxf6 19. Ne4 Nxe4 20. Qxe4 Ra7 21. Rg6 Qe5 22. Qf3+ Rf7 23. Qa8 Rc7 24. Bg4 Kf7 25. Rxe6 Bxe6 26. Bxe6+ Qxe6 27. Qxh8 Be5 28. Qh5+ Kg8 29. Rc1 Rf7 30. b3 Rf8 31. Bb4 Bg3 32. Qg5 Bxf2+ 33. Kd2 Bxe3+ 34. Qxe3 Rd8+ 35. Ke2 Qg4+ 36. Kf2 Qxb4 37. Qe6+ Kf8 38. Rf1 Qe7 39. Kg3+ Ke8 40. Qg6+ Kd7 1-0

[Event "Reunion op 21st"]
[Site "St Denis"]
[Date "2019.10.20"]
[Round "4"]
[White "Hercules, Benjamin Vincent"]
[Black "Larmet, Nino"]
[Result "1-0"]
[WhiteElo "2182"]
[BlackElo "1738"]
[PlyCount "73"]
[EventDate "2019.10.20"]
[EventType "swiss"]
[EventRounds "9"]
[EventCountry "RUF"]
[SourceTitle "CBM 192 Extra"]
[Source "Chessbase"]
[SourceDate "2019.11.06"]
[SourceVersion "1"]
[SourceVersionDate "2019.11.06"]
[SourceQuality "1"]

1. d4 d5 2. c4 e6 3. Nc3 Nf6 4. cxd5 exd5 5. Bg5 Be7 6. e3 c6 7. Bd3 Nbd7 8. Qc2 Nf8 9. Nf3 Ng6 10. 0-0 0-0 11. Rab1 Be6 12. b4 Nd7 13. Bxe7 Qxe7 14. b5 c5 15. dxc5 Nxc5 16. Nd4 Nxd3 17. Qxd3 Ne5 18. Qe2 Rfd8 19. h3 Nc4 20. Rfd1 Rac8 21. Rbc1 Nd6 22. Qf3 Qg5 23. Nce2 Bd7 24. Rxc8 Rxc8 25. Nf4 Ne4 26. Nb3 Nc3 27. Rd2 Nxb5 28. Rxd5 Qe7 29. Nh5 Bc6 30. Qg4 f5 31. Qxf5 Rd8 32. Rxb5 Qc7 33. Re5 Rd1+ 34. Kh2 Rd5 35. f4 Rd1 36. Qe6+ Kh8 37. Qe8+ 1-0

[Event "Reunion op 21st"]
[Site "St Denis"]
[Date "2019.10.20"]
[Round "8"]
[White "Hercules, Benjamin Vincent"]
[Black "Ramasindraibe, Girard"]
[Result "0-1"]
[WhiteElo "2182"]
[BlackElo "2150"]
[PlyCount "152"]
[EventDate "2019.10.20"]
[EventType "swiss"]
[EventRounds "9"]
[EventCountry "RUF"]
[SourceTitle "CBM 192 Extra"]
[Source "Chessbase"]
[SourceDate "2019.11.06"]
[SourceVersion "1"]
[SourceVersionDate "2019.11.06"]
[SourceQuality "1"]

1. d4 Nf6 2. Bg5 Ne4 3. Bf4 c5 4. f3 Nf6 5. dxc5 Qa5+ 6. Nc3 Qxc5 7. e4 d6 8. Qd2 Nc6 9. Be3 Qa5 10. Bc4 e6 11. Nge2 a6 12. 0-0 Be7 13. a4 0-0 14. Nd4 Kh8 15. Nb3 Qc7 16. a5 Ne5 17. Be2 Nc4 18. Bxc4 Qxc4 19. Na4 Nd7 20. Rfd1 Qc7 21. Nb6 Nxb6 22. Bxb6 Qc6 23. Nd4 Qe8 24. c4 Bd7 25. b3 Rc8 26. Nc2 Bc6 27. Ne3 f6 28. Qe2 Qh5 29. Ra2 Rfe8 30. b4 Bf8 31. Rb2 Ba4 32. Ra1 Bd7 33. b5 axb5 34. cxb5 d5 35. Rd1 Ba3 36. Rbb1 Re7 37. Qd3 Bd6 38. Nf1 Be5 39. exd5 exd5 40. Qxd5 Bxh2+ 41. Nxh2 Re1+ 42. Nf1 Qxd5 43. Rxd5 Rxb1 44. Rxd7 h5 45. Rxb7 Rcc1 46. Kh2 Rxf1 47. Bd4 h4 48. Kh3 Rh1+ 49. Kg4 Rb4 50. Kf5 Rxd4 51. Kg6 Rd8 52. a6 Rg1 53. a7 Rxg2+ 54. Kf5 Rd5+ 55. Ke4 Re5+ 56. Kd4 Ra2 57. b6 Ra4+ 58. Kd3 Rb5 59. Rb8+ Kh7 60. a8Q Rxa8 61. Rxa8 Rxb6 62. Ke3 g5 63. Ra2 Rb4 64. Kf2 Kg6 65. Kg2 Kf5 66. Rc2 Kf4 67. Ra2 f5 68. Rc2 g4 69. fxg4 fxg4 70. Rf2+ Kg5 71. Ra2 h3+ 72. Kh2 Kh4 73. Kg1 g3 74. Ra1 h2+ 75. Kg2 Rb2+ 76. Kf3 Kh3 0-1

[Event "Reunion op 21st"]
[Site "St Denis"]
[Date "2019.10.20"]
[Round "1"]
[White "Weber, Richard"]
[Black "Hercules, Benjamin Vincent"]
[Result "0-1"]
[WhiteElo "1486"]
[BlackElo "2182"]
[PlyCount "66"]
[EventDate "2019.10.20"]
[EventType "swiss"]
[EventRounds "9"]
[EventCountry "RUF"]
[SourceTitle "CBM 192 Extra"]
[Source "Chessbase"]
[SourceDate "2019.11.06"]
[SourceVersion "1"]
[SourceVersionDate "2019.11.06"]
[SourceQuality "1"]

1. h3 d5 2. e3 e5 3. Nf3 e4 4. Nd4 c5 5. Bb5+ Ke7 6. Nb3 c4 7. Nd4 a6 8. Ba4 b5 9. Bxb5 axb5 10. Nxb5 f5 11. b3 cxb3 12. Ba3+ Kf7 13. Bxf8 b2 14. N1c3 bxa1Q 15. Qxa1 Kxf8 16. Qb2 Nc6 17. Nd4 Nxd4 18. Qb4+ Ne7 19. Qxd4 h6 20. 0-0 Rb8 21. Ne2 Kg8 22. c4 Kh7 23. c5 Ba6 24. Nf4 Nc6 25. Qa1 Bxf1 26. Kxf1 d4 27. g3 Qd7 28. Qd1 Rb2 29. Qh5 Ne5 30. exd4 g6 31. Qd1 Qxd4 32. Nh5 Qd3+ 33. Kg2 Qf3+ 0-1

[Event "Pretoria Capablanca Memorial"]
[Site "Pretoria"]
[Date "2019.04.18"]
[Round "1"]
[White "Hercules, Benjamin Vincent"]
[Black "Klaasen, Calvin Jong"]
[Result "0-1"]
[WhiteElo "2162"]
[BlackElo "2282"]
[PlyCount "74"]
[EventDate "2019.04.18"]
[EventType "tourn"]
[EventRounds "9"]
[EventCountry "RSA"]
[EventCategory "1"]
[SourceTitle "CBM 189 Extra"]
[Source "ChessBase"]
[SourceDate "2019.05.31"]
[SourceVersion "1"]
[SourceVersionDate "2019.05.31"]
[SourceQuality "1"]

1. d4 Nf6 2. c4 g6 3. Nc3 Bg7 4. e4 d6 5. Be2 0-0 6. Bg5 Na6 7. Qd2 e5 8. d5 Qe8 9. f3 Nh5 10. g3 f6 11. Be3 f5 12. exf5 gxf5 13. 0-0-0 Bd7 14. Bd3 Nc5 15. Bc2 b6 16. Nge2 Kh8 17. f4 Nf6 18. fxe5 dxe5 19. h3 c6 20. d6 Be6 21. Rhf1 Nfd7 22. Bg5 e4 23. Nd4 Ne5 24. Be7 Ned3+ 25. Bxd3 Nxd3+ 26. Kb1 Bxd4 27. Nxe4 fxe4 28. Rxf8+ Qxf8 29. Bxf8 Rxf8 30. d7 Bxd7 31. Qh6 Bg7 32. Qd6 Be8 33. Kc2 Bg6 34. h4 Nxb2 35. h5 Bxh5 36. Rd4 c5 37. Rd5 Nxc4 0-1

[Event "Port Elizabeth Pearson op"]
[Site "Port Elizabeth"]
[Date "2019.03.31"]
[Round "5"]
[White "Oatlhotse, Providence"]
[Black "Hercules, Benjamin Vincent"]
[Result "1-0"]
[WhiteElo "2320"]
[BlackElo "2194"]
[PlyCount "47"]
[EventDate "2019.03.29"]
[EventType "swiss"]
[EventRounds "5"]
[EventCountry "RSA"]
[SourceTitle "EXT 2021"]
[Source "ChessBase"]
[SourceDate "2020.10.23"]
[SourceVersion "1"]
[SourceVersionDate "2020.10.23"]
[SourceQuality "1"]

1. c4 e6 2. g3 d5 3. Bg2 Nf6 4. Nf3 Be7 5. 0-0 0-0 6. b3 b6 7. Bb2 Bb7 8. e3 c5 9. Qe2 Nc6 10. Rd1 Rc8 11. d3 Rc7 12. Nc3 Rd7 13. cxd5 Nxd5 14. Nxd5 Rxd5 15. d4 Qa8 16. e4 Rdd8 17. d5 Nb8 18. dxe6 Bxe4 19. exf7+ Rxf7 20. Rxd8+ Bxd8 21. Ng5 Bxg5 22. Bxe4 Nc6 23. Qh5 Bf6 24. Qxh7+ 1-0

[Event "Port Elizabeth Pearson op"]
[Site "Port Elizabeth"]
[Date "2019.03.30"]
[Round "4"]
[White "Hercules, Benjamin Vincent"]
[Black "Beukes, Dante M"]
[Result "1-0"]
[WhiteElo "2194"]
[BlackElo "2114"]
[PlyCount "75"]
[EventDate "2019.03.29"]
[EventType "swiss"]
[EventRounds "5"]
[EventCountry "RSA"]
[SourceTitle "EXT 2021"]
[Source "ChessBase"]
[SourceDate "2020.10.23"]
[SourceVersion "1"]
[SourceVersionDate "2020.10.23"]
[SourceQuality "1"]

1. d4 Nf6 2. c4 g6 3. Nc3 Bg7 4. e4 d6 5. Be2 0-0 6. Bg5 c5 7. d5 e6 8. Nf3 exd5 9. exd5 Qb6 10. Qd2 Bf5 11. 0-0 Ne4 12. Nxe4 Bxe4 13. Rae1 Qxb2 14. Be7 Re8 15. Bxd6 Nd7 16. Qxb2 Bxb2 17. Bf4 Bc2 18. Be3 a6 19. Bd1 Bd3 20. Be2 Bxe2 21. Rxe2 Bd4 22. Rb1 b6 23. Kf1 Bxe3 24. Rxe3 Kf8 25. Ke2 Rab8 26. a4 Rb7 27. Kd3 Reb8 28. Ne5 Nf6 29. Nc6 Rc8 30. Na5 Rbb8 31. Nc6 Rb7 32. Re5 Ng4 33. Re2 Nf6 34. Reb2 Nd7 35. a5 Ra8 36. f4 Kg7 37. axb6 a5 38. Ne5 1-0

[Event "RSA-ch"]
[Site "Cape Town"]
[Date "2017.12.12"]
[Round "4"]
[White "Ovcina, Dennis"]
[Black "Hercules, Benjamin Vincent"]
[Result "0-1"]
[WhiteElo "2164"]
[BlackElo "2155"]
[PlyCount "78"]
[EventDate "2017.12.09"]
[EventType "tourn"]
[EventRounds "11"]
[EventCountry "RSA"]
[SourceTitle "CBM 182 Extra"]
[Source "ChessBase"]
[SourceDate "2018.02.23"]
[SourceVersion "1"]
[SourceVersionDate "2018.02.23"]
[SourceQuality "1"]

1. d4 d5 2. Nf3 Nf6 3. c4 e6 4. g3 Be7 5. Bg2 0-0 6. 0-0 dxc4 7. Ne5 Nc6 8. Nxc6 bxc6 9. Na3 Bxa3 10. bxa3 Nd5 11. Qa4 Nb6 12. Qxc6 Rb8 13. Qc5 Bb7 14. e4 Qd6 15. Bf4 Qxc5 16. dxc5 Na4 17. Rac1 Ba6 18. Bxc7 Rbc8 19. Bd6 Rfe8 20. Rfd1 Nxc5 21. Bxc5 Rxc5 22. Rd7 c3 23. Bf1 Bxf1 24. Kxf1 a5 25. Ke2 Rec8 26. Rc2 g5 27. Rb7 g4 28. Rb3 Re5 29. f3 gxf3+ 30. Kxf3 Rc4 31. Rbxc3 Rcxe4 32. Rd2 Kg7 33. Rd7 Re2 34. Rcc7 R5e3+ 35. Kf4 e5+ 36. Kg4 Rf2 37. Re7 Re4+ 38. Kh3 Ree2 39. Kg4 Kg6 0-1

[Event "RSA-chT Inter Provincial"]
[Site "Bloemfontein"]
[Date "2017.09.02"]
[Round "4.3"]
[White "Breytenbach, Jan"]
[Black "Hercules, Benjamin Vincent"]
[Result "0-1"]
[WhiteElo "1609"]
[BlackElo "2152"]
[PlyCount "66"]
[EventDate "2017.08.31"]
[EventType "team-swiss"]
[EventRounds "6"]
[EventCountry "RSA"]
[SourceTitle "CBM 180 Extra"]
[Source "ChessBase"]
[SourceDate "2017.10.06"]
[SourceVersion "1"]
[SourceVersionDate "2017.10.06"]
[SourceQuality "1"]
[WhiteTeam "Mpumalanga"]
[BlackTeam "Gauteng"]
[WhiteTeamCountry "RSA"]
[BlackTeamCountry "RSA"]

1. c4 e6 2. Nc3 d5 3. cxd5 exd5 4. d4 c6 5. g3 Bf5 6. Bg2 Bd6 7. Nf3 Nf6 8. 0-0 0-0 9. Bd2 Nbd7 10. Nh4 Bg4 11. Qc2 Re8 12. Nf5 Bf8 13. Ne3 Bh5 14. Qb3 Qb6 15. Qxb6 axb6 16. Rfe1 b5 17. a3 Nb6 18. Na2 Ne4 19. Bb4 Bxb4 20. Nxb4 Nd2 21. g4 Bg6 22. Nec2 Nbc4 23. Ra2 h5 24. h3 Re7 25. e3 f6 26. Rd1 hxg4 27. hxg4 Be4 28. Bxe4 Rxe4 29. f3 Nxf3+ 30. Kf2 Nh2 31. Rd3 Nxg4+ 32. Kf3 Rae8 33. b3 Ncxe3 0-1

[Event "RSA-chT Inter Provincial"]
[Site "Bloemfontein"]
[Date "2017.09.02"]
[Round "5.4"]
[White "Hercules, Benjamin Vincent"]
[Black "Mahomole, Sekgwari"]
[Result "1/2-1/2"]
[WhiteElo "2152"]
[BlackElo "1602"]
[PlyCount "105"]
[EventDate "2017.08.31"]
[EventType "team-swiss"]
[EventRounds "6"]
[EventCountry "RSA"]
[SourceTitle "CBM 180 Extra"]
[Source "ChessBase"]
[SourceDate "2017.10.06"]
[SourceVersion "1"]
[SourceVersionDate "2017.10.06"]
[SourceQuality "1"]
[WhiteTeam "Gauteng"]
[BlackTeam "Limpopo"]
[WhiteTeamCountry "RSA"]
[BlackTeamCountry "RSA"]

1. d4 Nf6 2. c4 g6 3. Nc3 d5 4. Nf3 Bg7 5. Qb3 dxc4 6. Qxc4 0-0 7. e4 Nc6 8. Be2 Nd7 9. Be3 Nb6 10. Qc5 Bg4 11. Rd1 Qd6 12. d5 Bxf3 13. gxf3 Ne5 14. Nb5 Qxc5 15. Bxc5 c6 16. Nc3 Rfe8 17. dxc6 Nxc6 18. Bb5 e6 19. f4 Red8 20. e5 Bh6 21. Be3 Rxd1+ 22. Kxd1 Rd8+ 23. Kc1 Nb4 24. Rd1 Rxd1+ 25. Kxd1 N4d5 26. Ne2 Nxe3+ 27. fxe3 Nd5 28. Kd2 g5 29. f5 exf5 30. Bc4 Ne7 31. Ng3 Kg7 32. Nh5+ Kg6 33. Nf6 Bg7 34. Nd7 Nc6 35. Bd5 Nxe5 36. Nc5 b6 37. Nb7 Bf6 38. Nd6 a5 39. Nc8 Ng4 40. h3 Nf2 41. Nd6 Bxb2 42. Bxf7+ Kf6 43. Bg8 h5 44. Bh7 Ne4+ 45. Nxe4+ fxe4 46. Bxe4 g4 47. hxg4 hxg4 48. Bc6 Ke5 49. a4 Ba3 50. Ke2 Be7 51. Kf2 Bh4+ 52. Kg2 Be1 53. Bd7 1/2-1/2

[Event "Johannesburg PSS IM"]
[Site "Johannesburg"]
[Date "2017.04.29"]
[Round "6"]
[White "Hercules, Benjamin Vincent"]
[Black "Grover, Sahaj"]
[Result "0-1"]
[WhiteElo "2163"]
[BlackElo "2473"]
[PlyCount "136"]
[EventDate "2017.04.26"]
[EventType "tourn"]
[EventRounds "9"]
[EventCountry "RSA"]
[EventCategory "4"]
[SourceTitle "CBM 178 Extra"]
[Source "ChessBase"]
[SourceDate "2017.06.22"]
[SourceVersion "1"]
[SourceVersionDate "2017.06.22"]
[SourceQuality "1"]

1. d4 e6 2. c4 Nf6 3. Nf3 d5 4. Nc3 c6 5. e3 Nbd7 6. Qc2 Bd6 7. g4 h6 8. Bd2 Qe7 9. Rg1 g5 10. 0-0-0 dxc4 11. Bxc4 e5 12. dxe5 Nxe5 13. Nxe5 Bxe5 14. f4 Bc7 15. Qb3 Nd7 16. Ne2 Nc5 17. Qa3 a5 18. Nd4 Ne4 19. Qxe7+ Kxe7 20. Be1 h5 21. Nf5+ Bxf5 22. gxf5 Bb6 23. Rd3 Rhd8 24. Rb3 Bc5 25. Rxb7+ Rd7 26. Rxd7+ Kxd7 27. Bd2 Nd6 28. Bd3 gxf4 29. Re1 fxe3 30. Bxe3 Bxe3+ 31. Rxe3 Rg8 32. Re5 Nb7 33. f6 Kd6 34. Rxh5 Nc5 35. Bc4 Rg1+ 36. Kc2 Rg2+ 37. Kc1 Rg1+ 38. Kc2 Rg2+ 39. Kd1 Rxb2 40. Bxf7 Rf2 41. Bg8 Rxf6 42. h4 Rg6 43. Bf7 Rf6 44. Bg8 Rg6 45. Bf7 Rf6 46. Bg8 a4 47. Kc2 Nd7 48. Rg5 Rf2+ 49. Kc3 Nf6 50. Rg6 Kc5 51. Rg5+ Kb6 52. Rg6 Rf4 53. Be6 Ne4+ 54. Kc2 Nf6 55. Rh6 Kc5 56. Rh8 Re4 57. Bf7 Re7 58. Bg6 Re2+ 59. Kb1 Nd5 60. Bf7 Nc3+ 61. Kc1 Rf2 62. Be6 Ne2+ 63. Kb1 Nd4 64. Bd7 a3 65. Kc1 Kc4 66. Ra8 Rxa2 67. Rb8 Kc3 68. Rb6 Ra1+ 0-1

[Event "Johannesburg PSS IM"]
[Site "Johannesburg"]
[Date "2017.04.27"]
[Round "2"]
[White "Hercules, Benjamin Vincent"]
[Black "Masango, Spencer"]
[Result "1/2-1/2"]
[WhiteElo "2163"]
[BlackElo "2232"]
[PlyCount "162"]
[EventDate "2017.04.26"]
[EventType "tourn"]
[EventRounds "9"]
[EventCountry "RSA"]
[EventCategory "4"]
[SourceTitle "CBM 178 Extra"]
[Source "ChessBase"]
[SourceDate "2017.06.22"]
[SourceVersion "1"]
[SourceVersionDate "2017.06.22"]
[SourceQuality "1"]

1. d4 Nf6 2. c4 e6 3. Nf3 b6 4. Nc3 Bb7 5. e3 Bb4 6. Bd2 0-0 7. Bd3 d5 8. cxd5 exd5 9. 0-0 Re8 10. a3 Bf8 11. b4 Nbd7 12. Qb3 a5 13. Rfc1 c6 14. bxa5 Rxa5 15. Na4 Ra7 16. Bb4 Ba6 17. Bxa6 Rxa6 18. Bxf8 Rxf8 19. Nc3 b5 20. Na2 Qa8 21. Nb4 Rb6 22. Ra2 Ne4 23. Rac2 Nd6 24. Rxc6 Nc4 25. Rxb6 Ndxb6 26. Nc2 Qe8 27. Rb1 Qe4 28. Ra1 h6 29. Nfe1 Nd6 30. Nd3 Nbc4 31. Nc5 Qf5 32. a4 bxa4 33. Rxa4 Qg5 34. Ne1 Rc8 35. Nf3 Qf5 36. Rb4 Ra8 37. Rb8+ Rxb8 38. Qxb8+ Kh7 39. Qb3 g5 40. Qd3 Kg7 41. Qxf5 Nxf5 42. h3 f6 43. Kf1 h5 44. Ke2 Kf7 45. Ne1 g4 46. hxg4 hxg4 47. Nc2 g3 48. fxg3 Nxg3+ 49. Kf3 Nf5 50. g4 Ne7 51. Nb4 Nd2+ 52. Kg3 Nc4 53. Kf3 Nd2+ 54. Ke2 Nc4 55. Ncd3 f5 56. g5 Kg6 57. Nf4+ Kxg5 58. Nbxd5 Nc6 59. Ne6+ Kg6 60. Ndf4+ Kf6 61. Kd3 Nb2+ 62. Kc3 Nd1+ 63. Kd2 Nb2 64. Nc5 Nc4+ 65. Kd3 Nd6 66. Kc3 Kg5 67. Ncd3 Kf6 68. d5 Ne4+ 69. Kc4 Ne5+ 70. Nxe5 Kxe5 71. Ng6+ Kd6 72. Kd4 Nf6 73. Nf4 Ng4 74. Ng2 Nf6 75. Nh4 Nxd5 76. Nxf5+ Ke6 77. Ng7+ Kd6 78. e4 Nf6 79. e5+ Ke7 80. e6 Ne8 81. Nxe8 Kxe6 1/2-1/2